<?xml version="1.0" encoding="UTF-8"?>
<record
    xmlns:xsi="http://www.w3.org/2001/XMLSchema-instance"
    xsi:schemaLocation="http://www.loc.gov/MARC21/slim http://www.loc.gov/standards/marcxml/schema/MARC21slim.xsd"
    xmlns="http://www.loc.gov/MARC21/slim">

  <leader>00320nam a22001337a 4500</leader>
  <datafield tag="020" ind1=" " ind2=" ">
    <subfield code="a">8122411630</subfield>
  </datafield>
  <datafield tag="082" ind1=" " ind2=" ">
    <subfield code="2">22</subfield>
    <subfield code="a">620.106</subfield>
  </datafield>
  <datafield tag="100" ind1=" " ind2=" ">
    <subfield code="a">Kapoor, B. S.</subfield>
  </datafield>
  <datafield tag="245" ind1=" " ind2=" ">
    <subfield code="a">Fluid mechanics /</subfield>
  </datafield>
  <datafield tag="250" ind1=" " ind2=" ">
    <subfield code="a">2nd.</subfield>
  </datafield>
  <datafield tag="260" ind1=" " ind2=" ">
    <subfield code="a">New Delhi,</subfield>
    <subfield code="b">New Age International,</subfield>
    <subfield code="c">c2006.</subfield>
  </datafield>
  <datafield tag="300" ind1=" " ind2=" ">
    <subfield code="a">xi, 648p. ;</subfield>
    <subfield code="b">ill. ;</subfield>
    <subfield code="c">23 cm.</subfield>
  </datafield>
  <datafield tag="942" ind1=" " ind2=" ">
    <subfield code="2">ddc</subfield>
    <subfield code="c">MEC</subfield>
    <subfield code="0">7</subfield>
  </datafield>
  <datafield tag="999" ind1=" " ind2=" ">
    <subfield code="c">41</subfield>
    <subfield code="d">41</subfield>
  </datafield>
  <datafield tag="952" ind1=" " ind2=" ">
    <subfield code="0">0</subfield>
    <subfield code="1">0</subfield>
    <subfield code="2">ddc</subfield>
    <subfield code="4">0</subfield>
    <subfield code="7">1</subfield>
    <subfield code="8">REF</subfield>
    <subfield code="a">LIB001</subfield>
    <subfield code="b">LIB001</subfield>
    <subfield code="d">2014-06-02</subfield>
    <subfield code="g">239.00</subfield>
    <subfield code="l">0</subfield>
    <subfield code="o">620.106</subfield>
    <subfield code="p">28693</subfield>
    <subfield code="r">2014-06-02 00:00:00</subfield>
    <subfield code="t">1</subfield>
    <subfield code="v">524.00</subfield>
    <subfield code="w">2014-06-02</subfield>
    <subfield code="y">MEC</subfield>
  </datafield>
  <datafield tag="952" ind1=" " ind2=" ">
    <subfield code="0">0</subfield>
    <subfield code="1">0</subfield>
    <subfield code="2">ddc</subfield>
    <subfield code="4">0</subfield>
    <subfield code="7">0</subfield>
    <subfield code="8">NFIC</subfield>
    <subfield code="a">LIB001</subfield>
    <subfield code="b">LIB001</subfield>
    <subfield code="d">2014-06-02</subfield>
    <subfield code="g">239.00</subfield>
    <subfield code="l">4</subfield>
    <subfield code="m">23</subfield>
    <subfield code="o">620.106</subfield>
    <subfield code="p">28694</subfield>
    <subfield code="r">2025-11-28 00:00:00</subfield>
    <subfield code="s">2025-09-04</subfield>
    <subfield code="t">1</subfield>
    <subfield code="v">524.00</subfield>
    <subfield code="w">2014-06-02</subfield>
    <subfield code="y">MEC</subfield>
  </datafield>
  <datafield tag="952" ind1=" " ind2=" ">
    <subfield code="0">0</subfield>
    <subfield code="1">0</subfield>
    <subfield code="2">ddc</subfield>
    <subfield code="4">0</subfield>
    <subfield code="7">0</subfield>
    <subfield code="8">NFIC</subfield>
    <subfield code="a">LIB001</subfield>
    <subfield code="b">LIB001</subfield>
    <subfield code="d">2014-06-02</subfield>
    <subfield code="g">239.00</subfield>
    <subfield code="l">3</subfield>
    <subfield code="m">13</subfield>
    <subfield code="o">620.106</subfield>
    <subfield code="p">28695</subfield>
    <subfield code="r">2017-10-17 00:00:00</subfield>
    <subfield code="s">2016-08-04</subfield>
    <subfield code="t">1</subfield>
    <subfield code="v">524.00</subfield>
    <subfield code="w">2014-06-02</subfield>
    <subfield code="y">MEC</subfield>
  </datafield>
  <datafield tag="952" ind1=" " ind2=" ">
    <subfield code="0">0</subfield>
    <subfield code="1">0</subfield>
    <subfield code="2">ddc</subfield>
    <subfield code="4">0</subfield>
    <subfield code="7">0</subfield>
    <subfield code="8">NFIC</subfield>
    <subfield code="a">LIB001</subfield>
    <subfield code="b">LIB001</subfield>
    <subfield code="d">2014-06-02</subfield>
    <subfield code="g">239.00</subfield>
    <subfield code="l">0</subfield>
    <subfield code="o">620.106</subfield>
    <subfield code="p">28696</subfield>
    <subfield code="r">2014-06-02 00:00:00</subfield>
    <subfield code="t">1</subfield>
    <subfield code="v">524.00</subfield>
    <subfield code="w">2014-06-02</subfield>
    <subfield code="y">MEC</subfield>
  </datafield>
  <datafield tag="952" ind1=" " ind2=" ">
    <subfield code="0">0</subfield>
    <subfield code="1">0</subfield>
    <subfield code="2">ddc</subfield>
    <subfield code="4">0</subfield>
    <subfield code="7">0</subfield>
    <subfield code="8">NFIC</subfield>
    <subfield code="a">LIB001</subfield>
    <subfield code="b">LIB001</subfield>
    <subfield code="d">2014-06-02</subfield>
    <subfield code="g">239.00</subfield>
    <subfield code="l">4</subfield>
    <subfield code="m">20</subfield>
    <subfield code="o">620.106</subfield>
    <subfield code="p">28697</subfield>
    <subfield code="r">2017-11-24 00:00:00</subfield>
    <subfield code="s">2016-08-01</subfield>
    <subfield code="t">1</subfield>
    <subfield code="v">524.00</subfield>
    <subfield code="w">2014-06-02</subfield>
    <subfield code="y">MEC</subfield>
  </datafield>
</record>
